000 01849nam a2200301 4500
003 EC-UNACH
005 20251008093608.0
006 s||||gr|||| 00| 00
008 150116t9999 mx r gr 000 0 spa d
020 _a978-612-00-0425-8
040 _aEC-UNACH
_cEC-UNACH
041 _aspa
082 0 4 _223
_a725.23
_bL001925
110 _aCaballo de Troya Editores S.A.C
245 _aInstalaciones sanitarias para edificaciones : Diseño
250 _aPrimera edición
264 _aPerú
_bCaballo de Troya Editores S.A.C
_c2010
300 _a159 páginas
_bFiguras
505 _aCAPÍTULO I. INTRODUCCIÓN -- 1-Salud Humana -- 2- Salud Ambiental -- 3.- Desarrollo e Infraestructura urbana -- 4-Infraestructura Sanitaria Urbana -- 5-Salubridad en la Vivienda -- 6- Instalaciones Sanitarias en Edificaciones -- 7- Normas y Reglamentos -- 8- El Proyecto -- 9-Artefactos y equipos sanitarios -- 9-Diseño -- CAPÍTULO II. ABASTECIMIENTO DE AGUA -- 1- El agua en la naturaleza -- 2- Usos del agua -- 3- Agua o humano o domestico -- 4- Acondicionamiento de la calidad -- 5- Requerimientos -- 6. Sistemas utilizados para el abastecimiento de agua en edificaciones -- 7- Diseño, dimencionamiento y cálculo -- 8.- Agua caliente -- 9. Sistemas de agua para riego de áreas verdes -- CAPÍTULO III. RECOLECCION Y EVACUACIÓN DE AGUAS RESIDUALES -- 1-Aguas residuales -- 2-Sistemas de recolección, evacuación y disposición final -- 3-Diseño, dimensionamiento y cálculo de los diferentes elementos de los sistemas -- 4- Control de gases --
650 _aBOMBEO DE AGUAS
650 _aCALIDAD DEL AGUA
650 _aAGUAS RESIDUALES
700 _aCastillo Anselmi, Luis
942 _c1
_2ddc
999 _c13991